Top Jetpunk Users A-Z - Statistics

General Stats
  • This quiz has been taken 29 times
    6 since last reset
  • The average score is 2 of 26
Answer Stats
# User % Correct
R 3,941,000 relessness
80%
S 1,937,000 scambigol
40%
C 933,000 CBTemple
20%
J 1,872,000 Jerry928
20%
K 909,000 kiwirage
20%
A 221,000 alberici
0%
B 500,000 buck1017
0%
D 219,000 dub
0%
E 158,000 exotic
0%
F 62,000 Foulfortune
0%
G 1,020,000 Gamer1162
0%
H 160,000 helen62442
0%
I 104,000 ImDB
0%
L 514,000 LBA
0%
M 439,000 mac212121
0%
N 100,000 nichster
0%
O 41,000 octopussaxophone
0%
P 251,000 PSTSCCH
0%
Q 1,518,000 Quizzer6794
0%
T 659,000 ThirdParty
0%
U 23,000 USA
0%
V 26,000 vlm64
0%
W 99,000 WhiskeyTangoFoxtrot
0%
X 73,000 X2theB
0%
Y 77,000 Youri704
0%
Z 194,000 zwizdan007
0%
No matching quizzes found
Score Distribution
Percent of People with Each Score
Percentile by Number Answered
Your Score History
You have not taken this quiz since the last reset